000 00717nam a2200205Ia 4500
003 GCL
008 140319s9999 xx 000 0 ara d
040 _aGCL /
_cGCL
082 0 4 _a953.02
_bم ق
100 1 _aمحمد جمال الدين سرور
245 1 0 _aقيام الدولة العبرية الاسلامية فى حياه محمد صلى الله عليه وسلم /
_cمحمد جمال الدين سرور
260 _a[S.N] :
_bدار الفكر العربى
300 _a210
490 _a
650 0 4 _aالتاريخ الاسلامى
650 0 4 _aانتشار الاسلام
650 0 4 _aالحضارة الاسلامية
650 0 4 _aالغزوات الاسلامية
942 _2ddc
_cBK
999 _c31379
_d31379